000 00432nam a2200181Ia 4500
005 20240823062046.0
008 240823s9999||||xx |||||||||||||| ||und||
041 _aENGLISH
082 _A921.4021 P8
100 _aKanaga Subramaniyam M
245 0 _aThermodynamics Laboratory
250 _a1st
260 _c2008
_bJeyaswamy Publica
500 _aYES
650 _aThermodynamics
_bMechanical
942 _cBK
999 _c234990
_d234990